Normal view
MARC view
Entry Topical Term
001 - CONTROL NUMBER
- control field: 15456
003 - CONTROL NUMBER IDENTIFIER
- control field: OSt
005 - DATE AND TIME OF LATEST TRANSACTION
- control field: 20211129173948.0
008 - FIXED-LENGTH DATA ELEMENTS
- fixed length control field: 211129|| aca||aabn | a|a d
040 ## - CATALOGING SOURCE
- Original cataloging agency: OSt
- Transcribing agency: OSt
150 ## - HEADING--TOPICAL TERM
- Topical term or geographic name entry element: Business mathematics -- Problems, exercises, etc.
670 ## - SOURCE DATA FOUND
- Source citation: Work cat.: (OSt): Francis, Andre; Mousley, Ben 15455, Business Mathematics and Statistics., 2014.
